Résumé power : (Record no. 583)
[ view plain ]
| 000 -LEADER | |
|---|---|
| fixed length control field | 01262nam a2200337 a 4500 |
| 003 - CONTROL NUMBER IDENTIFIER | |
| control field | OCoLC |
| 005 - DATE AND TIME OF LATEST TRANSACTION | |
| control field | 20210615125127.0 |
| 008 - FIXED-LENGTH DATA ELEMENTS--GENERAL INFORMATION | |
| fixed length control field | 030415s2003 waua b 001 0 eng d |
| 020 ## - INTERNATIONAL STANDARD BOOK NUMBER | |
| International Standard Book Number | 0931213169 |
| 040 ## - CATALOGING SOURCE | |
| Transcribing agency | IEF |
| 050 0# - LIBRARY OF CONGRESS CALL NUMBER | |
| Classification number | HF5383 |
| Item number | .W316 2003 |
| 090 ## - LOCALLY ASSIGNED LC-TYPE CALL NUMBER (OCLC); LOCAL CALL NUMBER (RLIN) | |
| Classification number (OCLC) (R) ; Classification number, CALL (RLIN) (NR) | HF5383 .W316 2003 |
| 100 1# - MAIN ENTRY--PERSONAL NAME | |
| Personal name | Washington, Tom, |
| Dates associated with a name | 1949- |
| 245 10 - TITLE STATEMENT | |
| Title | Résumé power : |
| Remainder of title | selling yourself on paper / |
| Statement of responsibility, etc. | Tom Washington. |
| 250 ## - EDITION STATEMENT | |
| Edition statement | 7th ed. |
| 260 ## - PUBLICATION, DISTRIBUTION, ETC. | |
| Place of publication, distribution, etc. | Bellevue, Wash. : |
| Name of publisher, distributor, etc. | Mount Vernon Press, |
| Date of publication, distribution, etc. | c2003. |
| 300 ## - PHYSICAL DESCRIPTION | |
| Extent | 291 p. : |
| Other physical details | ill ; |
| Dimensions | 28 cm. |
| 500 ## - GENERAL NOTE | |
| General note | Subtitle on cover: Selling yourself on paper in the new millennium. |
| 500 ## - GENERAL NOTE | |
| General note | "A step-by-step guide to writing a powerful, job-winning resume featuring the electronic resume explosion with strategies for designing effective 'electronic resumes'."--Cover. |
| 504 ## - BIBLIOGRAPHY, ETC. NOTE | |
| Bibliography, etc. note | Includes bibliographical references and index. |
| 583 1# - ACTION NOTE | |
| Institution to which field applies | SSU. |
| 650 #0 - SUBJECT ADDED ENTRY--TOPICAL TERM | |
| Topical term or geographic name entry element | Résumés (Employment) |
| 907 ## - LOCAL DATA ELEMENT G, LDG (RLIN) | |
| a | .b22979517 |
| 942 ## - ADDED ENTRY ELEMENTS (KOHA) | |
| Source of classification or shelving scheme | |
| Koha item type | Book |
| Suppress in OPAC | DO |
| Withdrawn status | Lost status | Source of classification or shelving scheme | Damaged status | Not for loan | Permanent Location | Current Location | Shelving location | Date acquired | Total Checkouts | Full call number | Barcode | Date last seen | Price effective from | Koha item type | Public note |
|---|---|---|---|---|---|---|---|---|---|---|---|---|---|---|---|
| AU LIBRARY | AU LIBRARY | Open Shelf | 15.06.2021 | HF5383 .W316 2003 | 28002802 | 15.06.2021 | 15.06.2021 | Book | DO |